| 000 | 00482nam a2200181Ia 4500 | ||
|---|---|---|---|
| 999 |
_c3728 _d3728 |
||
| 003 | GBCCL | ||
| 005 | 20241126110502.0 | ||
| 008 | 171205b xxu||||| |||| 00| 0 eng d | ||
| 020 | _a0-6330-5485-2 | ||
| 040 | _cgbc | ||
| 082 |
_a220.77 _bADV |
||
| 100 |
_aDorr, Luther _97368 |
||
| 245 |
_aAdvanced Bible Study: _bCommentary Fall 2001/ |
||
| 260 |
_bLifeWay, _aNorth Nashville: _c2001 |
||
| 300 |
_a114p.; _c23 cm. |
||
| 440 |
_aFamily Bible Study _vv.2 no.1 _97372 |
||
| 942 |
_2ddc _cBK |
||